00689nam a2200181 i 450000100060000000300090000600500170001500700030003200800410003510000430007624501040011926000590022330000280028270000240031085200340033499900170036895201220038537228ES-MaACL20230906155529.0t|030220s1961 sp ||||1| spa d1 aBustinduy Rodríguez, Pascual.93290510aTecnología de los conocimientos básicos de taller industrial / cMarcial Bustunduy, José Ors. aMadrid : b[s.n., c1961] (fAugustinus Langa y Cía) a2 v. : bil. ; c22 cm.1 aOrs, José.987365 aES-MaACLjC-21308-9 bR.49673 c37228d37228 00104070aATENEOMbATENEOMcMESd2008-01-17eSCl0oC-21308-9p1039172r2023-02-23 00:00:00w2023-02-23yMONOGRAFIA